Powers of 2 Quiz - Statistics

General Stats
  • This quiz has been taken 50 times
  • The average score is 23 of 30
Answer Stats
Power of 2 Answer % Correct
2^1 2
100%
2^4 16
97%
2^2 4
97%
2^3 8
97%
2^7 128
95%
2^5 32
95%
2^6 64
95%
2^10 1,024
92%
2^11 2,048
92%
2^8 256
92%
2^12 4,096
92%
2^9 512
92%
2^14 16,384
84%
2^13 8,192
84%
2^15 32,768
82%
2^16 65,536
82%
2^17 131,072
76%
2^18 262,144
76%
2^19 524,288
76%
2^20 1,048,576
71%
2^21 2,097,152
68%
2^22 4,194,304
66%
2^23 8,388,608
63%
2^24 16,777,216
61%
2^25 33,554,432
58%
2^26 67,108,864
55%
2^27 134,217,728
53%
2^28 268,435,456
50%
2^30 1,073,741,824
39%
2^29 536,870,912
39%
No matching quizzes found
Score Distribution
Percent of People with Each Score
Percentile by Number Answered
Your Score History
You have not taken this quiz